000 00457nam a2200157 a 4500
001 1825
005 20140414131848.0
008 010404s19uu xx 00 eng d
020 _a0-8136-1601-8
050 _aM 372.4
_bK44 1988
245 _aKeystones for reading, level A :
_bcomprehension, vocabulary, study skills.
260 _aCleveland :
_bModern Curriculum Press,
_c1988.
300 _a1 v. p. : ill. ; cm.
650 _aReading.
999 _c110021
_d110021